000 004620000a22001930004500
999 _c48259
_d48259
001 1083
003 CO-MdFUSB
005 20171115163341.0
008 171012b xxu||||| |||| 00| 0 eng d
020 _a958-04-6020-5
040 _cCO-MdBIC
082 0 4 _a863N Tr63nb
100 1 _aScholes, Katherine
245 1 0 _aEl niño y la ballena / Katherine Scholes
260 _aBogotá : Norma
300 _a77 P.
650 1 4 _aLiteratura infantil
942 _cLGB